<?xml version="1.0" encoding="UTF-8"?>
<record
    xmlns:xsi="http://www.w3.org/2001/XMLSchema-instance"
    xsi:schemaLocation="http://www.loc.gov/MARC21/slim http://www.loc.gov/standards/marcxml/schema/MARC21slim.xsd"
    xmlns="http://www.loc.gov/MARC21/slim">

  <leader>02508cam a2200349 a 4500</leader>
  <controlfield tag="001">17667552</controlfield>
  <controlfield tag="003">PILC</controlfield>
  <controlfield tag="005">20150804153841.0</controlfield>
  <controlfield tag="008">130319s2013    caua     b    001 0 eng  </controlfield>
  <datafield tag="010" ind1=" " ind2=" ">
    <subfield code="a">  2013011323</subfield>
  </datafield>
  <datafield tag="020" ind1=" " ind2=" ">
    <subfield code="a">9781118505632 (hardback)</subfield>
  </datafield>
  <datafield tag="035" ind1=" " ind2=" ">
    <subfield code="a">(DNLM)101604371</subfield>
  </datafield>
  <datafield tag="040" ind1=" " ind2=" ">
    <subfield code="a">DNLM/DLC</subfield>
    <subfield code="c">DLC</subfield>
    <subfield code="d">DLC</subfield>
  </datafield>
  <datafield tag="042" ind1=" " ind2=" ">
    <subfield code="a">pcc</subfield>
  </datafield>
  <datafield tag="050" ind1="0" ind2="0">
    <subfield code="a">RA 971.3</subfield>
    <subfield code="b">.T73 2013</subfield>
  </datafield>
  <datafield tag="060" ind1="1" ind2="0">
    <subfield code="a">W 84 AA1</subfield>
  </datafield>
  <datafield tag="082" ind1="0" ind2="0">
    <subfield code="a">362.1068</subfield>
  </datafield>
  <datafield tag="245" ind1="0" ind2="0">
    <subfield code="a">Transforming health care leadership :</subfield>
    <subfield code="b">a systems guide to improve patient care, decrease costs, and improve population health /</subfield>
    <subfield code="c">Michael Maccoby, Clifford L. Norman, C. Jane Norman, Richard Margolies.</subfield>
  </datafield>
  <datafield tag="250" ind1=" " ind2=" ">
    <subfield code="a">1st ed.</subfield>
  </datafield>
  <datafield tag="260" ind1=" " ind2=" ">
    <subfield code="a">San Francisco :</subfield>
    <subfield code="b">Jossey-Bass,</subfield>
    <subfield code="c">2013.</subfield>
  </datafield>
  <datafield tag="300" ind1=" " ind2=" ">
    <subfield code="a">xxx, 384 pages :</subfield>
    <subfield code="b">illustrations ;</subfield>
    <subfield code="c">24 cm.</subfield>
  </datafield>
  <datafield tag="500" ind1=" " ind2=" ">
    <subfield code="a">Includes bibliographical references and index.</subfield>
  </datafield>
  <datafield tag="505" ind1="0" ind2=" ">
    <subfield code="a">Introduction : from management myths to strategic intelligence -- Why and how health care organizations need to change -- Leading health care change -- Developing a leadership philosophy -- Leading with strategic intelligence and profound knowledge -- Changing health care systems with systems thinking -- Statistical thinking for health care leaders -- Understanding the psychology of collaborators -- A health care leader's role in building knowledge -- Three case studies : mastering change -- Leading change : first steps in employing strategic intelligence to get results.</subfield>
  </datafield>
  <datafield tag="520" ind1=" " ind2=" ">
    <subfield code="a">"Health care organizations are challenged to improve care at the bedside for patients, learn from individual patients to improve population health, and reduce per capita costs. To achieve these aims, leaders are needed in all parts of the organization need positive solutions. Transforming Health Care Leadership provides healthcare leaders with the knowledge and tools to master the unprecedented level of change that health care organizations and their leaders now face. It also challenges management myths that served in bureaucracies but mislead in learning organizations"--Provided by publisher.</subfield>
  </datafield>
  <datafield tag="650" ind1="2" ind2="2">
    <subfield code="a">Leadership</subfield>
    <subfield code="z">United States.</subfield>
  </datafield>
  <datafield tag="650" ind1="1" ind2="2">
    <subfield code="a">Delivery of Health Care</subfield>
    <subfield code="x">organization &amp; administration</subfield>
    <subfield code="z">United States.</subfield>
  </datafield>
  <datafield tag="650" ind1="2" ind2="2">
    <subfield code="a">Organizational Innovation</subfield>
    <subfield code="z">United States.</subfield>
  </datafield>
  <datafield tag="700" ind1="1" ind2=" ">
    <subfield code="a">Maccoby, Michael,</subfield>
    <subfield code="d">1933-</subfield>
  </datafield>
  <datafield tag="776" ind1="0" ind2="8">
    <subfield code="i">Online version:</subfield>
    <subfield code="t">Transforming health care leadership</subfield>
    <subfield code="b">1st ed.</subfield>
    <subfield code="d">San Francisco : Jossey-Bass, c2013</subfield>
    <subfield code="z">9781118603994</subfield>
    <subfield code="w">(DLC) 2013012230</subfield>
  </datafield>
  <datafield tag="906" ind1=" " ind2=" ">
    <subfield code="a">7</subfield>
    <subfield code="b">cbc</subfield>
    <subfield code="c">orignew</subfield>
    <subfield code="d">1</subfield>
    <subfield code="e">ecip</subfield>
    <subfield code="f">20</subfield>
    <subfield code="g">y-gencatlg</subfield>
  </datafield>
  <datafield tag="942" ind1=" " ind2=" ">
    <subfield code="2">lcc</subfield>
    <subfield code="c">BK</subfield>
    <subfield code="k">FOR</subfield>
  </datafield>
  <datafield tag="999" ind1=" " ind2=" ">
    <subfield code="c">288316</subfield>
    <subfield code="d">288316</subfield>
  </datafield>
  <datafield tag="952" ind1=" " ind2=" ">
    <subfield code="0">0</subfield>
    <subfield code="1">0</subfield>
    <subfield code="2">lcc</subfield>
    <subfield code="4">0</subfield>
    <subfield code="a">CL</subfield>
    <subfield code="b">CL</subfield>
    <subfield code="c">RES</subfield>
    <subfield code="d">2015-08-04</subfield>
    <subfield code="e">Library Fund</subfield>
    <subfield code="g">2658.00</subfield>
    <subfield code="l">0</subfield>
    <subfield code="o">RA 971.3 .T73 2013</subfield>
    <subfield code="p">C19637</subfield>
    <subfield code="r">2018-05-15 00:00:00</subfield>
    <subfield code="w">2015-08-04</subfield>
    <subfield code="y">BK</subfield>
  </datafield>
</record>
